000 00939cam a2200205 4500
001 WB3747-10
008 011213n2001 000 0 eng u
035 _a(Sirsi) u115991
245 _aEffective investment
260 _c2001
490 _aDTI Press Release
_v(697) 7 December 2001, (3)
520 _aA new report by DTI's Future and Innovation Unit identifies a positive link between effective capital investment and company performance. "The 2001 Capex Scoreboard2" looks at three key areas:- overall UK capital investment; the sector mix of investment; the intensity of capital and R&D investment. For further details visit the Capex Scoreboard web pages at: http://www.innovation.gov.uk/projects/capex_scoreboard/capexscoreboard_fr.htm
590 _aWB
650 _aCAPITAL INVESTMENT
650 _aCOMPANY PERFORMANCE
650 _aRESEARCH
650 _aDTI
690 _aMANAGEMENT-BUSINESS MANAGEMENT
942 _n0
999 _c69108
_d69108